| 000 | 00491nam a22001817a 4500 | ||
|---|---|---|---|
| 003 | CEME | ||
| 005 | 20210628205948.0 | ||
| 008 | 210209b xxu||||| |||| 00| 0 eng d | ||
| 020 | _a0-8306-4076-2 | ||
| 040 | _c. | ||
| 082 | _a684.106 BAL | ||
| 100 |
_aBaldwin, Edward. _977687 |
||
| 245 | _aPvc furniture the weekend workshop collection | ||
| 260 |
_aUSA _bTAB BOOKS _c1992 |
||
| 300 | _a127P | ||
| 650 |
_aPLASTIC FURNITURE PLASTIC CRAFTS POLYVINYL CHLORIDE _977688 |
||
| 942 |
_cBK _2ddc |
||
| 999 |
_c582910 _d582910 |
||